000 00960nam a2200265Ia 4500
003 OSt
005 20221005113030.0
006 a|||||r|||| 00| 0
007 ta
008 221004b |||||||| |||| 00| 0 pan d
020 _c1250
024 _a17138
037 _b909, 11/03/2015, H.K. Prakashan
_cTextual
040 _aCRL
_cCRL
_bpan
041 _2pan
_apan
082 _aO153v, P6.9
100 _aਧਾਲੀਵਾਲ, ਬਲਦੇਵ ਸਿੰਘ
245 0 _aਪੰਜਾਬੀ ਕਹਾਣੀ ਦਾ ਇਤਿਹਾਸ
260 _aਦਿੱਲੀ
_bਪੰਜਾਬੀ ਅਕਾਦਮੀ ਭਾਰਤ
_c2006
300 _a336ਪੰ
_ccm.
490 _aਪੰਜਾਬੀ ਸਾਹਿਤ ਦਾ ਇਤਿਹਾਸ
650 _aਪੰਜਾਬੀ ਸਾਹਿਤ
942 _hO153v, P6.9
_cTEXL
_2cc
999 _c1026833
_d1026833